Matematik her yerde : (Record no. 200435040)
[ view plain ]
| 000 -LEADER | |
|---|---|
| fixed length control field | 01154cam a2200337 i 4500 |
| 003 - CONTROL NUMBER IDENTIFIER | |
| control field | TR-AnTOB |
| 005 - DATE AND TIME OF LATEST TRANSACTION | |
| control field | 20200303105129.0 |
| 008 - FIXED-LENGTH DATA ELEMENTS--GENERAL INFORMATION | |
| fixed length control field | 181218s2018 tu a j tur |
| 020 ## - INTERNATIONAL STANDARD BOOK NUMBER | |
| International Standard Book Number | 9786053121930 |
| 040 ## - CATALOGING SOURCE | |
| Original cataloging agency | TR-AnTOB |
| Language of cataloging | eng |
| Description conventions | rda |
| Transcribing agency | TR-AnTOB |
| 041 1# - LANGUAGE CODE | |
| Language code of text/sound track or separate title | Türkçe |
| Language code of original | eng |
| 050 1# - LIBRARY OF CONGRESS CALL NUMBER | |
| Classification number | QA40.5 |
| 090 ## - LOCALLY ASSIGNED LC-TYPE CALL NUMBER (OCLC); LOCAL CALL NUMBER (RLIN) | |
| Classification number (OCLC) (R) ; Classification number, CALL (RLIN) (NR) | JUN QA40.5 |
| Local cutter number (OCLC) ; Book number/undivided call number, CALL (RLIN) | .P4619 2018 |
| 100 1# - MAIN ENTRY--PERSONAL NAME | |
| Personal name | Penner, Lucille Recht |
| Relator term | author |
| 9 (RLIN) | 123733 |
| 240 10 - UNIFORM TITLE | |
| Uniform title | Math matters: lights out |
| 245 10 - TITLE STATEMENT | |
| Title | Matematik her yerde : |
| Remainder of title | yatma zamanı! / |
| Statement of responsibility, etc. | Lucille Recht Penner ; resimleyen:Jerry Smath ; çeviri: Fulya Koçak. |
| 250 ## - EDITION STATEMENT | |
| Edition statement | 1. basım: Ekim, 2018 |
| 264 #1 - PRODUCTION, PUBLICATION, DISTRIBUTION, MANUFACTURE, AND COPYRIGHT NOTICE | |
| Place of production, publication, distribution, manufacture | Ankara : |
| Name of producer, publisher, distributor, manufacturer | TÜBİTAK, |
| Date of production, publication, distribution, manufacture, or copyright notice | 2018. |
| 300 ## - PHYSICAL DESCRIPTION | |
| Extent | 32 pages : |
| Other physical details | colours illustrations ; |
| Dimensions | 23 cm |
| 336 ## - CONTENT TYPE | |
| Source | rdacontent |
| Content type term | text |
| Content type code | txt |
| 337 ## - MEDIA TYPE | |
| Source | rdamedia |
| Media type term | unmediated |
| Media type code | n |
| 338 ## - CARRIER TYPE | |
| Source | rdacarrier |
| Carrier type term | volume |
| Carrier type code | nc |
| 490 0# - SERIES STATEMENT | |
| Series statement | TÜBİTAK popüler bilim kitapları: |
| Volume/sequential designation | 988 |
| 500 ## - GENERAL NOTE | |
| General note | 7 yaş +. |
| 650 #7 - SUBJECT ADDED ENTRY--TOPICAL TERM | |
| Topical term or geographic name entry element | Uyku zamanı |
| Form subdivision | Çocuk edebiyatı |
| 9 (RLIN) | 123656 |
| Topical term or geographic name entry element | Matematik |
| Form subdivision | Çocuk edebiyatı |
| 9 (RLIN) | 117465 |
| 700 1# - ADDED ENTRY--PERSONAL NAME | |
| Personal name | Koçak, Fulya |
| Relator term | translator |
| 9 (RLIN) | 122969 |
| Personal name | Smath, Jerry |
| Relator term | illustrator |
| 9 (RLIN) | 123740 |
| 942 ## - ADDED ENTRY ELEMENTS (KOHA) | |
| Source of classification or shelving scheme | Library of Congress Classification |
| Koha item type | Book |
| Withdrawn status | Lost status | Source of classification or shelving scheme | Damaged status | Not for loan | Collection code | Home library | Current library | Shelving location | Date acquired | Source of acquisition | Inventory number | Total Checkouts | Total Renewals | Full call number | Barcode | Date last seen | Date last checked out | Date shelved | Koha item type | Public note |
|---|---|---|---|---|---|---|---|---|---|---|---|---|---|---|---|---|---|---|---|---|
| Other/Generic Classification Scheme | Yeni / New | Ödünç Verilebilir / Available | Çocuk Kİtapları / Children's Collection | Merkez Kütüphane | Merkez Kütüphane | Çocuk Koleksiyonu / Junior Collection | 08/01/2019 | Bağış / Donation | MAT | 13 | 4 | JUN QA40.5 .P4619 2018 | 0059047 | 30/09/2023 | 14/09/2023 | 05/02/2019 | Book | Donated by TÜBİTAK |
